000 01932nam a2200529 i 4500
001 36254
003 KOSZ 005
005 20220722125932.0
008 991213s1999 pl a |000 0 pol
015 _aUWD 1999/19580
020 _a8323500568
035 _a991012251579705066
035 _a(PL-WaBN)b13317842-48omnis_nlop
035 _ab13317842
035 _a(OCoLC)749589007
035 _azz2003820957
035 _a(PL)b0000001331784
035 _a(EXLNZ-48OMNIS_NETWORK)9910399148205606
040 _aWA N
_cWA N
_dKOSZ 005/HR
041 1 _apol
_heng
046 _k1995
080 _a025
080 _a004
100 1 _aJacquesson, Alain
_eAutor
245 1 0 _aAutomatyzacja bibliotek :
_bzarys historyczny, strategia, perspektywy /
_cAlain Jacquesson ; tł. Andrzej Bator [et al. ; wstęp pol. Eugeniusz Ścibor].
246 1 _iTyt. oryg.:
_aInformatisation des bibliothèques :
_bhistorique, stratégie et perspectives,
_f1995
260 _aWarszawa :
_bWydawnictwa Uniwersytetu Warszawskiego,
_c1999.
300 _a367, [1] s. :
_brys. ;
_c24 cm.
336 _aTekst
_btxt
_2rdacontent
337 _aBez urządzenia pośredniczącego
_bn
_2rdamedia
338 _aWolumin
_bnc
_2rdacarrier
380 _aKsiążki
388 _a1901-2000
388 _a1989-2000
504 _aBibliogr. przy rozdz.
650 7 _aBibliotekarstwo
_2DBN
650 7 _aBiblioteki
650 7 _aKomputeryzacja
658 _aBibliotekarstwo, archiwistyka, muzealnictwo
658 _aInformatyka i technologie informacyjne
700 1 _aBator, Andrzej
_c(orientalista)
_eTłumaczenie
700 1 _aŚcibor, Eugeniusz
_d(1929-2003)
_ePrzedmowa
710 2 _aWydawnictwa Uniwersytetu Warszawskiego
_4pbl
856 _uhttp://koha.tu.koszalin.pl/cgi-bin/koha/opac-detail.pl?biblionumber=36254
_yKatalog online BPK
942 _2UKD
_cKS
999 _c36254
_d36254